El Uruguay entre dos siglos / (Registro nro. 5579)
[ vista simple ]
| 000 -CABECERA | |
|---|---|
| campo de control de longitud fija | 00907cam a2200229 a 4500 |
| 001 - NÚMERO DE CONTROL | |
| campo de control | 000005783 |
| 005 - FECHA Y HORA DE LA ÚLTIMA TRANSACCIÓN | |
| campo de control | 20200929151801.0 |
| 008 - DATOS DE LONGITUD FIJA--INFORMACIÓN GENERAL | |
| campo de control de longitud fija | 870410r19831926uy b f001 0 spa |
| 040 ## - FUENTE DE LA CATALOGACIÓN | |
| Centro catalogador/agencia de origen | DO-SdBNP |
| Centro/agencia transcriptor | DLC |
| Centro/agencia modificador | DLC |
| 082 ## - NÚMERO DE LA CLASIFICACIÓN DECIMAL DEWEY | |
| Número de clasificación | 989.503 |
| Número de documento/Ítem | F178u |
| 100 1# - ENTRADA PRINCIPAL--NOMBRE DE PERSONA | |
| Nombre de persona | Falcao Espalter, Mario, |
| Fechas asociadas al nombre | 1892-1941. |
| 9 (RLIN) | 16362 |
| 245 13 - MENCIÓN DE TÍTULO | |
| Título | El Uruguay entre dos siglos / |
| Mención de responsabilidad, etc. | Mario Falcao Espalter. |
| 260 ## - PUBLICACIÓN, DISTRIBUCIÓN, ETC. | |
| Lugar de publicación, distribución, etc. | Montevideo, Uruguay : |
| Nombre del editor, distribuidor, etc. | Ministerio de Educación y Cultura, |
| Fecha de publicación, distribución, etc. | 1983. |
| 300 ## - DESCRIPCIÓN FÍSICA | |
| Extensión | xvii, 219 p. ; |
| Dimensiones | 20 cm. |
| 490 1# - MENCIÓN DE SERIE | |
| Mención de serie | Biblioteca Artigas. |
| 490 1# - MENCIÓN DE SERIE | |
| Mención de serie | Clásicos uruguayos |
| Designación de volumen o secuencia | 162. |
| 500 ## - NOTA GENERAL | |
| Nota general | Reimpresión. Originalmente publicado: Entre dos siglos - el Uruguay Alrededor de 1800. Montevideo: Impr. Renacimiento, 1926. |
| 504 ## - NOTA DE BIBLIOGRAFÍA, ETC. | |
| Nota de bibliografía, etc. | Bibliografía: p. VIII-XVII. |
| 651 #4 - PUNTO DE ACCESO ADICIONAL DE MATERIA--NOMBRE GEOGRÁFICO | |
| Nombre geográfico | Uruguay |
| Subdivisión general | Historia |
| Subdivisión cronológica | HASTA 1810 |
| 9 (RLIN) | 16363 |
| 830 #0 - PUNTO DE ACCESO ADICIONAL DE SERIE-TÍTULO UNIFORME | |
| Título uniforme | Biblioteca Artigas. |
| Nombre de parte o sección de la obra | clásicos uruguayos ; |
| Designación de volumen o secuencia | 162 |
| 9 (RLIN) | 16286 |
| 910 ## - DATOS DE OPCIÓN DEL USUARIO (OCLC) | |
| Datos de opción del usuario | Catalogación por copia / LC |
| Estado de retiro | Estado de pérdida | Restricciones de uso | No para préstamo | Código de colección | Localización permanente | Ubicación/localización actual | Ubicación en estantería | Fecha de adquisición | Número de inventario | Total de préstamos | Signatura topográfica completa | Código de barras | Fecha visto por última vez | Precio válido a partir de | Tipo de ítem Koha |
|---|---|---|---|---|---|---|---|---|---|---|---|---|---|---|---|
| Préstamo interno | Monografías: Libros y Folletos | General | General | En catalogación | 22.08.2009 | LF1 | 989.503 F178u | 5783-10 | 25.06.2020 | 25.06.2020 | Préstamo interno |
